| 000 -LEADER | |
|---|---|
| fixed length control field | 00383nam a22001457a 4500 |
| 005 - DATE AND TIME OF LATEST TRANSACTION | |
| control field | 20240130113846.0 |
| 008 - FIXED-LENGTH DATA ELEMENTS--GENERAL INFORMATION | |
| fixed length control field | 240130b |||||||| |||| 00| 0 eng d |
| 020 ## - INTERNATIONAL STANDARD BOOK NUMBER | |
| ISBN | 81-203-1235-X |
| 041 ## - LANGUAGE CODE | |
| Language code of text/sound track or separate title | eng |
| 100 ## - MAIN ENTRY--AUTHOR NAME | |
| Personal name | LEVIN, RICHARD I. AND RUBIN, DAVID S. |
| 245 ## - TITLE STATEMENT | |
| Title | STATISTICS FOR MANAGEMENT |
| 250 ## - EDITION STATEMENT | |
| Edition statement | 7TH ED. |
| 260 ## - PUBLICATION, DISTRIBUTION, ETC. (IMPRINT) | |
| Place of publication | INDIA |
| Name of publisher | PRENTICS HALL OF INDIA |
| Year of publication | 2002 |
| 942 ## - ADDED ENTRY ELEMENTS (KOHA) | |
| Koha item type | Books |
| Lost status | Damaged status | Home library | Current library | Date acquired | Source of acquisition | Accession Number | Koha item type |
|---|---|---|---|---|---|---|---|
| JRU Library | JRU Library | 25/01/2020 | DONATION | 23605 | Books |